UBUNTU UNLEASHED (Record no. 184102)

MARC details
000 -LEADER
fixed length control field 00572nam a2200205Ia 4500
003 - CONTROL NUMBER IDENTIFIER
control field OSt
005 - DATE AND TIME OF LATEST TRANSACTION
control field 20260213195634.0
020 ## - INTERNATIONAL STANDARD BOOK NUMBER
International Standard Book Number 978-0-672-32993-7
040 ## - CATALOGING SOURCE
Transcribing agency LC
050 ## - LIBRARY OF CONGRESS CALL NUMBER
Classification number QA 76.76 .O63 H83 2009
100 ## - MAIN ENTRY--PERSONAL NAME
Personal name HUDSON, ANDREW
245 #0 - TITLE STATEMENT
Title UBUNTU UNLEASHED
250 ## - EDITION STATEMENT
Edition statement 2008 EDITION
260 ## - PUBLICATION, DISTRIBUTION, ETC.
Place of publication, distribution, etc. INDIANAPOLIS,
Name of publisher, distributor, etc. SAMS PUBLISHING,
Date of publication, distribution, etc. 2009,
300 ## - PHYSICAL DESCRIPTION
Extent XXiV, 826 P, ILL
500 ## - GENERAL NOTE
General note INCLUDES BIBLIOGRAPHICAL REFERENCES AND INDEX
650 ## - SUBJECT ADDED ENTRY--TOPICAL TERM
Topical term or geographic name entry element Ubuntu (Electronic resource) Linux, Operating systems (Computers)
700 ## - ADDED ENTRY--PERSONAL NAME
Personal name HUDSON PAUL
942 ## - ADDED ENTRY ELEMENTS (KOHA)
Koha item type Long Loan Book
Source of classification or shelving scheme Library of Congress Classification
Holdings
Withdrawn status Lost status Source of classification or shelving scheme Damaged status Not for loan Collection Home library Current library Shelving location Date acquired Inventory number Total checkouts Full call number Barcode Date last seen Date last checked out Copy number Price effective from Koha item type
    Library of Congress Classification     Science & Technology Kisii University Library Kisii University Library On Display 10/09/2024 55629 1 QA76 .76 .063 H83 2009 012113 02/13/2026 12/13/2025 C.1 10/09/2024 Long Loan Book